00988nam a2200229 i 4500001000700000003000900007005001700016007000300033008004100036080001200077100003000089245015100119260002900270300002100299490007800320500004100398700007200439830008600511852002100597999001900618952012100637110825ES-MaACL20260127062537.0t|070131s1921 sp ||||1| spa d a340.1511 aFernandes, Raúl.94932213aEl principio de igualdad jurídica de los Estados en la práctica internacional después de la guerra b: Conferencia / cpor Raúl Fernandes. aMadrid : bReus, c1921. a35 p. ; c18 cm.1 aPublicaciones de la Real Academia de Jurisprudencia y Legislación ;v51 aSesión del dia 21 de Mayo de 1921. aReal Academia de Jurisprudencia y Legislación de España92176120 aPublicaciones de la Real Academia de Jurisprudencia y Legislación ;v519180630 aES-MaACLjL-5217 c110825d110825 00104070aATENEOMbATENEOMcDEPO2d2008-01-17eSCl0oL-5217p1115631r2023-02-23 00:00:00w2023-02-23yMONOGRAFIA